000 01134cam a2200253 a 4500
001 14863655
005 20161116114913.0
008 070524s2008 iluab be 001 0 eng
010 _a 2007022003
020 _a9780716601081
040 _aDLC
_cDLC
050 0 0 _aAE5
_b.W55 2008
082 0 0 _aDRef 030
_22008
_bW89
245 0 4 _aThe world book encyclopedia.
260 _aChicago:
_bWorld Book,
_cc2008.
300 _a22 volumes:
_billustrations (some col.), col. maps;
_c26 cm.
504 _aIncludes bibliographical references and index.
520 _a"A 22-volume, highly illustrated, A-Z general encyclopedia for all ages, featuring sections on how to use World Book, other research aids, pronunciation key, a student guide to better writing, speaking, and research skills, and comprehensive index"--Provided by publisher.
650 0 _aEncyclopedias and dictionaries.
710 2 _aWorld Book, Inc.
906 _a7
_bcbc
_corignew
_d1
_eecip
_f20
_gy-gencatlg
942 _2ddc
_cDREF
999 _c5257
_d5257